Reprezentacje z top 50 rankingu FIFA - nagła śmierć - Statystyki

Ogólne statystyki
  • Ten quiz został rozwiązany 439 razy
  • Średni wynik to 7 z 14
Answers on the Grid
Answers color-coded by a green-red scale on the quiz's grid according to % correct below.
Chorwacja
Polska
Chiny
Maroko
Finlandia
Japonia
Włochy
Cypr
Stany Zjednoczone
Gruzja
Jamajka
Meksyk
Ghana
Ekwador
Honduras
Australia
Litwa
Kazachstan
Albania
Nigeria
Czarnogóra
Peru
Iran
Islandia
Irlandia
Szkocja
Zambia
Węgry
 
Statystyki odpowiedzi
Odpowiedź % Poprawnych
Chorwacja
94%
Polska
93%
Włochy
81%
Maroko
69%
Meksyk
65%
Stany Zjednoczone
65%
Japonia
64%
Szkocja
41%
Węgry
41%
Australia
28%
Ekwador
26%
Nigeria
25%
Iran
18%
Peru
15%
Nie znaleziono quizów pasujących do podanych kryteriów
Rozkład punktacji
Procent ludzi z każdym wynikiem
Percentyl według liczby udzielonych odpowiedzi
Twoja historia wyników
Nie rozwiązałeś tego quizu